Microelectronic Circuits : (Include CD) (Record no. 175578)
[ view plain ]
| 000 -LEADER | |
|---|---|
| fixed length control field | 01160 a2200205 4500 |
| 003 - CONTROL NUMBER IDENTIFIER | |
| control field | Nust |
| 005 - DATE AND TIME OF LATEST TRANSACTION | |
| control field | 20241004161525.0 |
| 010 ## - LIBRARY OF CONGRESS CONTROL NUMBER | |
| LC control number | 2009943075 |
| 020 ## - INTERNATIONAL STANDARD BOOK NUMBER | |
| International Standard Book Number | 0495667722 |
| 020 ## - INTERNATIONAL STANDARD BOOK NUMBER | |
| International Standard Book Number | 9780495667728 |
| 040 ## - CATALOGING SOURCE | |
| Transcribing agency | Nust |
| 082 ## - DEWEY DECIMAL CLASSIFICATION NUMBER | |
| Classification number | 621.31032,RAS |
| 100 1# - MAIN ENTRY--PERSONAL NAME | |
| Personal name | Rashid, Muhammad H. |
| 9 (RLIN) | 69581 |
| 245 10 - TITLE STATEMENT | |
| Title | Microelectronic Circuits : (Include CD) |
| Remainder of title | Analysis and Design / |
| Statement of responsibility, etc. | Muhammad H Rashid. |
| 260 ## - PUBLICATION, DISTRIBUTION, ETC. | |
| Place of publication, distribution, etc. | Stamford, CT : |
| Name of publisher, distributor, etc. | Cengage Learning, |
| Date of publication, distribution, etc. | 1999. |
| 300 ## - PHYSICAL DESCRIPTION | |
| Extent | p. cm. |
| 505 ## - FORMATTED CONTENTS NOTE | |
| Formatted contents note | Introduction to Electronics (Page-1), Diodes (Page-27), Applications of Diodes (Page-81), Introduction to Amplifiers (Page-133), Amplifying Devices (Page-185), Introduction to Operational Amplifier (Page-267), Characteristics of Practical Op-amps (Page-329), Frequency Response of Amplifiers (Page-353), Active Filters (Page-421), Feedback Amplifiers (Page-463), Oscillators (Page-541), Introduction to Digital Electronics (Page-577), Active Sources and Differential Amplifiers (Page-655), power Amplifiers (Page-723), Operational Amplifiers (Page-767), Integrated Analog Circuits and Applications (Page-817). |
| 650 ## - SUBJECT ADDED ENTRY--TOPICAL TERM | |
| Topical term or geographic name entry element | Telecommunication Engineering. |
| 942 ## - ADDED ENTRY ELEMENTS (KOHA) | |
| Koha item type | Reference |
| Source of classification or shelving scheme | |
| Withdrawn status | Lost status | Source of classification or shelving scheme | Damaged status | Not for loan | Permanent Location | Current Location | Shelving location | Date acquired | Full call number | Barcode | Date last seen | Price effective from | Koha item type | Public note |
|---|---|---|---|---|---|---|---|---|---|---|---|---|---|---|
| Military College of Signals (MCS) | Military College of Signals (MCS) | Reference | 12/12/2016 | 621.31032,RAS | MCS28482 | 12/08/2016 | 12/12/2016 | Reference | Almirah No.20, Shelf No.3 |
